000 00754nam a2200241Ia 4500
003 OSt
005 20220923220831.0
006 a|||||r|||| 00| 0
007 ta
008 220922b |||||||| |||| 00| 0 hin d
024 _a191,135
037 _cTextual
040 _aARTS
_cARTS
_bhin
041 _2hin
_ahin
082 _aR85xM5, 152J7
100 _aदीवान चन्द
245 0 _aपश्चिमी दर्शन
246 _aPashchimī darshana
260 _aउत्तरप्रदेश
_b प्रकाशन ब्यूरो सूचना विभाग
_c1957
300 _a244पृ.
_ccm.
942 _hR85xM5, 152J7
_cTEXL
_2CC
999 _c343854
_d343854